| 000 | 00904 a2200205 4500 | ||
|---|---|---|---|
| 001 | 43166 | ||
| 005 | 20260407155715.0 | ||
| 008 | 260407a arg spa d | ||
| 003 | AR-UNSa-BCEJYS | ||
| 040 |
_aAR-UNSa-BCEJYS _bspa _cAR-UNSa-BCEJYS |
||
| 080 |
_a339.5 _xComercio exterior. Comercio Internacional |
||
| 245 | 1 | 0 | _aPropuestas para la exportación de valor agregado |
| 264 | 1 |
_aBuenos Aires : _bAIERA |
|
| 300 |
_a179 p. _c21 cm. |
||
| 505 | _aCaso 1. Propuestas para promover la exportación y la internacionalización de las Pymes - Caso 2. Consorcio de exportación de duraznos en conserva de la Provincia de Mendoza - Caso 3. Propuesta para agregar valor a exportaciones de arroz - Caso 4. Export-Arte (la misión) | ||
| 041 | _aspa | ||
| 942 | _cBK | ||
| 590 | _aniveau_biblio:m niveau_hierar:0 | ||
| 100 | 1 | _aAsociación de Importadores y Exportadores de la República Argentina (AIERA) | |
| 999 |
_c3655 _d3655 |
||